Cities With Shared Name Origins - Statistics

General Stats
  • This quiz has been taken 40 times
    30 since last reset
  • The average score is 10 of 21
Answer Stats
Answer % Correct
Naples
96%
Valencia
91%
Belgrade
87%
Geneva
87%
Alexandria
83%
Genoa
83%
Constantine
65%
Constanța
57%
Jaipur
57%
Belgorod
52%
Kandahar
52%
Konstanz
52%
Nablus
48%
Valence
39%
Jayapura
26%
Taiyuan
17%
Nabeul
9%
Alessandria
4%
Iskandariya
4%
İskenderun
4%
Thái Nguyên
0%
No matching quizzes found
Score Distribution
Percent of People with Each Score
Percentile by Number Answered
Your Score History
You have not taken this quiz since the last reset